000 01181cab a2200205 4500
001 L130443
008 050728n2005 000 0 eng u
035 _a(Sirsi) u130443
041 _aeng
100 _aConstable, Adam
245 _aKitchen sink adjudications
260 _c2005
490 _aNew Law Journal
_v155(7185) 15 July 2005, 1072-1073(2)
520 _aDiscusses the case, "William Verry (Glazing Systems) Ltd v Furlong Homes Ltd" (L130436). The case involved an adjudication into a dispute over extension of time. Verry had submitted a claim in writing but had changed the date slightly. F argued that this was a new claim but the court decided that it was a refinement or enhancement of their original claim. Even if the extension of time claim was a new one, it formed part of the dispute which was referred by F and V were entitled to rely upon it in an adjudication.
590 _aIKA020805
650 _aWILLAIM VERRY LTD V FURLONG HOMES LTD
650 _aEDMUND NUTTALL LTD V R G CARTER LTD
690 _aMANAGEMENT-DISPUTE AVOIDANCE, MANAGEMENT AND RESOLUTION-DISPUTE MANAGEMENT AND RESOLUTION-ALTERNATIVE DISPUTE RESOLUTION-ADJUDICATION
942 _n0
999 _c75622
_d75622